[Event "Catalunya-ch"]
[Site "Vila Seca"]
[Date "2019.04.21"]
[Round "7"]
[White "Gutierrez Martos, Ferran"]
[Black "Fernandez Aguilar, Francisco"]
[Result "1/2-1/2"]
[WhiteElo "2002"]
[BlackElo "2132"]
[PlyCount "98"]
[EventDate "2019.04.18"]
[EventType "swiss"]
[EventRounds "8"]
[EventCountry "ESP"]
[SourceTitle "CBM 189 Extra"]
[Source "ChessBase"]
[SourceDate "2019.06.03"]
[SourceVersion "1"]
[SourceVersionDate "2019.06.03"]
[SourceQuality "1"]

1. c4 c5 2. g3 Nc6 3. Bg2 g6 4. Nc3 Bg7 5. a3 a5 6. Nf3 d6 7. 0-0 e5 8. d3 Nge7 9. Bg5 f6 10. Bd2 0-0 11. Ne1 Be6 12. Nd5 Rb8 13. b4 axb4 14. axb4 cxb4 15. Nxb4 Nxb4 16. Bxb4 b5 17. c5 d5 18. Ra6 Qc8 19. Rd6 Nf5 20. Rb6 Rxb6 21. cxb6 Rd8 22. Nc2 Qb7 23. Qd2 Bh6 24. e3 Rc8 25. Ba5 Ne7 26. Rb1 Qa6 27. Bb4 Bf8 28. d4 Qxb6 29. Bc5 Qb7 30. Bf1 Bd7 31. Na3 exd4 32. Bxd4 Nf5 33. Nxb5 Bxb5 34. Rxb5 Qd7 35. Bxf6 Rc5 36. Rxc5 Bxc5 37. Bg2 Kf7 38. Bb2 d4 39. exd4 Nxd4 40. Bxd4 Qxd4 41. Qe1 Kf6 42. h4 Qe5 43. Qxe5+ Kxe5 44. Bc6 h6 45. Be8 g5 46. h5 Kf6 47. Kg2 Bd6 48. Kf3 Ba3 49. Kg2 Bc5 1/2-1/2

[Event "Lleida Province-ch"]
[Site "Balaguer"]
[Date "2013.10.06"]
[Round "1"]
[White "Marti Trilla, Aleix"]
[Black "Gutierrez Martos, Ferran"]
[Result "0-1"]
[WhiteElo "1586"]
[BlackElo "2026"]
[PlyCount "48"]
[EventDate "2013.10.06"]
[EventType "swiss"]
[EventRounds "9"]
[EventCountry "ESP"]
[SourceTitle "CBM 157 Extra"]
[Source "ChessBase"]
[SourceDate "2013.12.19"]
[SourceVersion "1"]
[SourceVersionDate "2013.12.19"]
[SourceQuality "1"]

1. e4 e5 2. Nf3 Nf6 3. Nxe5 d6 4. Nf3 Nxe4 5. d3 Nf6 6. Nc3 Be7 7. Be2 0-0 8. 0-0 c6 9. h3 d5 10. d4 Bf5 11. Bf4 Nbd7 12. Re1 Ne4 13. Nxe4 dxe4 14. Ne5 Nf6 15. Bc4 Qb6 16. Qd2 Rad8 17. c3 Bd6 18. a4 Qc7 19. Qe2 Nd5 20. Bxd5 cxd5 21. Qb5 Be6 22. c4 a6 23. Qb3 dxc4 24. Qe3 Bd5 0-1

[Event "Lleida Province-ch"]
[Site "Lleida"]
[Date "2012.11.04"]
[Round "6"]
[White "Gutierrez Martos, Ferran"]
[Black "Martinez Lopez, Ivan"]
[Result "0-1"]
[WhiteElo "2044"]
[BlackElo "2284"]
[PlyCount "70"]
[EventDate "2012.10.07"]
[EventType "swiss"]
[EventRounds "9"]
[EventCountry "ESP"]
[SourceTitle "EXT 2015"]
[Source "ChessBase"]
[SourceDate "2014.11.20"]
[SourceVersion "1"]
[SourceVersionDate "2014.11.20"]
[SourceQuality "1"]

1. c4 e5 2. g3 Nc6 3. Bg2 g6 4. Nc3 d6 5. d3 Bg7 6. e4 Nge7 7. Nge2 0-0 8. 0-0 Be6 9. Nd5 Qd7 10. Bh6 f5 11. Bxg7 Kxg7 12. Bh3 Rf7 13. f4 Raf8 14. Qd2 Ng8 15. Qc3 fxe4 16. Bxe6 Qxe6 17. dxe4 Nf6 18. f5 gxf5 19. Rxf5 Nxe4 20. Rxf7+ Rxf7 21. Qd3 Qf5 22. Qe3 Nf6 23. Nxf6 Rxf6 24. Kg2 h6 25. h3 Qc2 26. Kh1 Qxb2 27. Rg1 Qc2 28. g4 Nd4 29. Nxd4 exd4 30. Qxd4 Qf2 31. Qa1 Kf7 32. Qb1 Qf3+ 33. Kh2 Kg7 34. Qb5 Qe2+ 35. Rg2 Qe5+ 0-1

[Event "Lleida Province-ch"]
[Site "Lleida"]
[Date "2012.10.28"]
[Round "4"]
[White "Parramon Guillaumet, Jaime"]
[Black "Gutierrez Martos, Ferran"]
[Result "0-1"]
[WhiteElo "1888"]
[BlackElo "2044"]
[PlyCount "210"]
[EventDate "2012.10.07"]
[EventType "swiss"]
[EventRounds "9"]
[EventCountry "ESP"]
[SourceTitle "EXT 2015"]
[Source "ChessBase"]
[SourceDate "2014.11.20"]
[SourceVersion "1"]
[SourceVersionDate "2014.11.20"]
[SourceQuality "1"]

1. e4 c6 2. Nf3 d5 3. Nc3 dxe4 4. Nxe4 Nf6 5. Qe2 Nxe4 6. Qxe4 Nd7 7. Bc4 Nf6 8. Qe2 e6 9. d4 b5 10. Bb3 Be7 11. Ne5 Qb6 12. a4 a5 13. axb5 cxb5 14. c3 0-0 15. 0-0 Nd5 16. Bc2 Ra7 17. Qh5 f5 18. Re1 Rc7 19. Be3 Bd6 20. Nf3 Bb7 21. Ng5 Nf6 22. Qh4 Bd5 23. Bf4 Bxf4 24. Qxf4 b4 25. Nxe6 Bxe6 26. Rxe6 Qxe6 27. Qxc7 bxc3 28. bxc3 Qe2 29. Bb3+ Kh8 30. Qc4 Qb2 31. Rf1 Rb8 32. Ba2 Ne4 33. Qc7 Nxc3 34. Bc4 a4 35. h3 a3 36. Re1 a2 37. Bxa2 Nxa2 38. Qf7 h6 39. Re8+ Rxe8 40. Qxe8+ Kh7 41. Qf7 Qb1+ 42. Kh2 Nc3 43. d5 Qe4 44. d6 Qe5+ 45. g3 Qxd6 46. Qxf5+ Qg6 47. Qf3 Ne4 48. h4 Nf6 49. Kg2 Qe4 50. Qxe4+ Nxe4 51. Kf3 Nd6 52. g4 Kg6 53. Kf4 h5 54. f3 Ne8 55. Ke5 Nf6 56. Kf4 Nd5+ 57. Ke4 Nc3+ 58. Kd3 Nd1 59. Ke2 Nb2 60. Ke3 Kf6 61. Ke4 Nd1 62. gxh5 Nc3+ 63. Kf4 Ne2+ 64. Kg4 Nd4 65. Kf4 Ne6+ 66. Ke4 Nd8 67. Kf4 Nf7 68. Ke4 Nh6 69. Kf4 Nf5 70. Kg4 Nd6 71. Kf4 Nc8 72. Ke4 Nb6 73. Kf4 Nc4 74. Ke4 Nd2+ 75. Ke3 Nb3 76. Ke4 Nc5+ 77. Kf4 Nd7 78. Ke4 Kf7 79. Kf5 Nf6 80. Kg5 Nh7+ 81. Kf5 Nf8 82. Ke5 Ne6 83. Kf5 Nd4+ 84. Ke4 Ne2 85. Kf5 Nd4+ 86. Ke4 Ne2 87. Kf5 Ng3+ 88. Kg4 Nf1 89. Kf5 Nh2 90. Kf4 Kg8 91. Kg3 Nf1+ 92. Kf4 Kh7 93. Kg5 Ne3 94. Kf4 Nc2 95. Kg5 Nd4 96. f4 Nf3+ 97. Kg4 Nd2 98. Kg5 Ne4+ 99. Kf5 Nd6+ 100. Ke6 Ne8 101. f5 Nf6 102. Kf7 Nxh5 103. Ke7 Nf6 104. Kf7 Ng4 105. Kf8 Nh6 0-1

[Event "Lleida Province-ch"]
[Site "Lleida"]
[Date "2011.11.06"]
[Round "6"]
[White "Monell Camarasa, David"]
[Black "Gutierrez Martos, Ferran"]
[Result "1-0"]
[WhiteElo "2212"]
[BlackElo "2072"]
[PlyCount "69"]
[EventDate "2011.10.09"]
[EventType "swiss"]
[EventRounds "9"]
[EventCountry "ESP"]
[SourceTitle "EXT 2015"]
[Source "ChessBase"]
[SourceDate "2014.11.20"]
[SourceVersion "1"]
[SourceVersionDate "2014.11.20"]
[SourceQuality "1"]

1. d4 d5 2. c4 dxc4 3. Nf3 a6 4. a4 Nc6 5. Nc3 Bg4 6. e3 Na5 7. h3 Bxf3 8. Qxf3 Nf6 9. Be2 e6 10. 0-0 Be7 11. Rd1 c6 12. e4 Nb3 13. Rb1 Nxd4 14. Qe3 c5 15. Bxc4 0-0 16. b4 e5 17. bxc5 Bxc5 18. Qg3 Qd6 19. Kh1 b6 20. Be3 Rfc8 21. Bd5 Rab8 22. Bxd4 exd4 23. e5 Qf8 24. exf6 dxc3 25. Qxc3 Bxf2 26. Qf3 Bc5 27. fxg7 Qxg7 28. Rf1 Rc7 29. Qf4 Rbc8 30. Rbd1 Re7 31. Rd3 Kh8 32. Rg3 Qb2 33. Be4 Rce8 34. Bxh7 Qe2 35. Qf6+ 1-0

[Event "Lleida Province-ch"]
[Site "Lleida"]
[Date "2011.11.01"]
[Round "5"]
[White "Gutierrez Martos, Ferran"]
[Black "Codina Garcia, Jose"]
[Result "1/2-1/2"]
[WhiteElo "2072"]
[BlackElo "2128"]
[PlyCount "118"]
[EventDate "2011.10.09"]
[EventType "swiss"]
[EventRounds "9"]
[EventCountry "ESP"]
[SourceTitle "EXT 2015"]
[Source "ChessBase"]
[SourceDate "2014.11.20"]
[SourceVersion "1"]
[SourceVersionDate "2014.11.20"]
[SourceQuality "1"]

1. c4 c6 2. g3 Nf6 3. Bg2 d5 4. Nf3 e6 5. b3 Be7 6. Bb2 Nbd7 7. 0-0 0-0 8. d3 dxc4 9. bxc4 Qc7 10. Nc3 e5 11. Rb1 Re8 12. Ne1 Nf8 13. Nc2 Ne6 14. Qc1 Nc5 15. h3 Bd7 16. Qe3 Rad8 17. Ba3 b6 18. Rfd1 Bf8 19. Bb2 h6 20. Rdc1 Qc8 21. Kh2 Qc7 22. Ne1 Kh8 23. Kh1 Kg8 24. Rd1 Qc8 25. Kh2 Qc7 26. Qc1 Bc8 27. Qc2 Bf5 28. e4 Bc8 29. Nf3 Kh8 30. Ne2 Ncd7 31. Nc1 Bd6 32. Nh4 Nc5 33. Ne2 Ne6 34. Nf5 c5 35. Nc3 Bd7 36. Qc1 Kh7 37. Ne3 Bc6 38. Ncd5 Bxd5 39. exd5 Nd4 40. Nf1 Kg8 41. Nd2 Bf8 42. Ne4 Nxe4 43. dxe4 Bd6 44. Qe3 Rf8 45. g4 Be7 46. Qd3 Bg5 47. Bc1 Qe7 48. Be3 Qf6 49. Bxd4 Bf4+ 50. Kg1 exd4 51. a4 a5 52. Rb5 Bc7 53. Qf3 Qe5 54. Qf5 f6 55. Rd3 Rfe8 56. Rb1 Re7 57. Re1 Kf7 58. Rb1 g6 59. Qxe5 fxe5 1/2-1/2

[Event "Lleida Province-ch"]
[Site "Lleida"]
[Date "2011.10.16"]
[Round "3"]
[White "Gutierrez Martos, Ferran"]
[Black "Degracia Burgues, Jose A"]
[Result "1-0"]
[WhiteElo "2072"]
[BlackElo "1915"]
[PlyCount "81"]
[EventDate "2011.10.09"]
[EventType "swiss"]
[EventRounds "9"]
[EventCountry "ESP"]
[SourceTitle "EXT 2015"]
[Source "ChessBase"]
[SourceDate "2014.11.20"]
[SourceVersion "1"]
[SourceVersionDate "2014.11.20"]
[SourceQuality "1"]

1. c4 e6 2. g3 d5 3. Bg2 Nf6 4. Nf3 Bc5 5. d4 Bb4+ 6. Bd2 Bxd2+ 7. Nbxd2 0-0 8. 0-0 Re8 9. Rc1 Nbd7 10. Qb3 e5 11. cxd5 exd4 12. Nxd4 Nb6 13. e4 c6 14. Rfe1 cxd5 15. exd5 Rxe1+ 16. Rxe1 Rb8 17. Nb5 Bf5 18. Nc3 Qd7 19. Nf1 Bh3 20. Ne3 Bxg2 21. Kxg2 Re8 22. Rd1 g5 23. Qb4 h5 24. Qd4 Qd8 25. Nf5 Nbd7 26. h4 Re5 27. Qd3 gxh4 28. Nxh4 Ng4 29. Nf3 Qb6 30. Rd2 Re8 31. Qf5 Ngf6 32. Qg5+ Kf8 33. d6 Rd8 34. Qf4 Kg8 35. a4 a5 36. Qg5+ Kf8 37. Qf4 Kg8 38. Ne5 Nxe5 39. Qxe5 Qc6+ 40. Kg1 Kg7 41. Qg5+ 1-0

[Event "Balaguer op 16th "]
[Site "Balaguer"]
[Date "2011.07.23"]
[Round "7"]
[White "Iagar, Razvan Gabriel"]
[Black "Gutierrez Martos, Ferran"]
[Result "1/2-1/2"]
[WhiteElo "2162"]
[BlackElo "2071"]
[PlyCount "32"]
[EventDate "2011.07.17"]
[EventType "swiss"]
[EventRounds "9"]
[EventCountry "ESP"]
[SourceTitle "CBM 143 Extra"]
[Source "ChessBase"]
[SourceDate "2011.08.29"]
[SourceVersion "1"]
[SourceVersionDate "2011.08.29"]
[SourceQuality "1"]

1. d4 Nf6 2. c4 e6 3. Nf3 d5 4. g3 Be7 5. Bg2 0-0 6. 0-0 dxc4 7. Ne5 Nc6 8. Nxc6 bxc6 9. Bxc6 Rb8 10. Nc3 Nd5 11. Nxd5 exd5 12. e4 dxe4 13. Bxe4 Bf6 14. Qc2 g6 15. Qxc4 Qxd4 16. Qxd4 Bxd4 1/2-1/2

[Event "Balaguer op 16th "]
[Site "Balaguer"]
[Date "2011.07.18"]
[Round "2"]
[White "Fernandez Cardoso, Alexey"]
[Black "Gutierrez Martos, Ferran"]
[Result "1-0"]
[WhiteElo "2450"]
[BlackElo "2071"]
[PlyCount "89"]
[EventDate "2011.07.17"]
[EventType "swiss"]
[EventRounds "9"]
[EventCountry "ESP"]
[SourceTitle "EXT 2012"]
[Source "ChessBase"]
[SourceDate "2011.11.24"]
[SourceVersion "1"]
[SourceVersionDate "2011.11.24"]
[SourceQuality "1"]

1. e4 e5 2. Nf3 Nf6 3. Nxe5 d6 4. Nf3 Nxe4 5. d4 d5 6. Bd3 Nc6 7. 0-0 Be7 8. Re1 Bf5 9. a3 0-0 10. c4 Bf6 11. Nc3 Nxc3 12. bxc3 Bxd3 13. Qxd3 Na5 14. cxd5 Qxd5 15. Bf4 Rac8 16. Be5 Bd8 17. Bxg7 Kxg7 18. Re5 Qd7 19. Rxa5 c5 20. Ne5 Qd5 21. Rxa7 cxd4 22. Qxd4 Qxd4 23. cxd4 Bb6 24. Ra4 Rfd8 25. Nf3 Rd6 26. Rb4 Rc3 27. Kf1 Rd3 28. Rab1 Ba5 29. Rxb7 Rxa3 30. R7b3 Ra2 31. g3 Bd8 32. Rb7 Bf6 33. R1b6 Rxd4 34. Rb5 Rd6 35. Rf5 Kg6 36. Rf4 Ra5 37. Rg4+ Kf5 38. h3 h5 39. Rg8 Ra3 40. Kg2 h4 41. g4+ Kf4 42. Rb5 Re6 43. Nd2 Rg3+ 44. fxg3+ Ke3 45. Nf3 1-0

[Event "Balaguer op 12th"]
[Site "Balaguer"]
[Date "2007.07.16"]
[Round "1"]
[White "Gutierrez Martos, Ferran"]
[Black "Arizmendi Martinez, Julen Luis"]
[Result "0-1"]
[WhiteElo "2001"]
[BlackElo "2522"]
[PlyCount "62"]
[EventDate "2007.07.16"]
[EventType "swiss"]
[EventRounds "10"]
[EventCountry "ESP"]
[SourceTitle "CBM 119 Extra"]
[Source "ChessBase"]
[SourceDate "2007.09.04"]
[SourceVersion "1"]
[SourceVersionDate "2007.09.04"]
[SourceQuality "1"]

1. d4 d6 2. Nc3 g6 3. e4 Bg7 4. f4 a6 5. Nf3 b5 6. Bd3 Nd7 7. 0-0 c5 8. d5 Bb7 9. Qe1 c4 10. Be2 Ngf6 11. a3 Nc5 12. Nd2 0-0 13. Qh4 e6 14. dxe6 fxe6 15. Bf3 Qb6 16. Kh1 d5 17. exd5 exd5 18. Qf2 Qc7 19. Ne2 Nce4 20. Qh4 Rae8 21. c3 Nd7 22. g3 Ndc5 23. Nxe4 dxe4 24. Bg2 e3 25. Qh3 Nb3 26. Ra2 Bxg2+ 27. Qxg2 Qd7 28. h4 a5 29. Kh2 a4 30. f5 Rxf5 31. Rxf5 Qxf5 0-1

[Event "Mollerussa op-B"]
[Site "Mollerusa"]
[Date "1997.??.??"]
[Round "5"]
[White "Cots Valls, Antoni"]
[Black "Gutierrez Martos, Ferran"]
[Result "1/2-1/2"]
[WhiteElo "1955"]
[BlackElo "1915"]
[PlyCount "124"]
[EventDate "1997.??.??"]
[EventType "swiss"]
[EventRounds "8"]
[EventCountry "ESP"]
[SourceTitle "EXT 2003"]
[Source "ChessBase"]
[SourceDate "2002.11.25"]
[SourceVersion "1"]
[SourceVersionDate "2002.11.25"]
[SourceQuality "1"]

1. e4 d6 2. d4 Nf6 3. Nc3 g6 4. f4 c6 5. Nf3 Bg7 6. a3 0-0 7. Bc4 b5 8. Ba2 Qb6 9. Be3 Ng4 10. Bg1 Bd7 11. h3 Nh6 12. Bf2 Qc7 13. 0-0 Kh8 14. Ng5 f6 15. Ne6 Bxe6 16. Bxe6 f5 17. e5 d5 18. Qf3 Na6 19. g4 Qd8 20. g5 Nc7 21. gxh6 Bxh6 22. Bxd5 cxd5 23. Kh1 e6 24. Ne2 Rg8 25. Rg1 Bf8 26. c3 Be7 27. Be3 Bh4 28. Rg2 Rc8 29. Kh2 Na8 30. Ng1 Nb6 31. Qe2 Nc4 32. Bc1 a6 33. Nf3 Be7 34. Ng5 Bxg5 35. Rxg5 Kg7 36. Rg3 Qh4 37. b3 Na5 38. Rb1 Rc6 39. Bd2 Qd8 40. Qe1 Nb7 41. Ra1 Qe7 42. Be3 Kf7 43. a4 Rgc8 44. Bd2 b4 45. cxb4 Rc2 46. Rg2 Rb2 47. Qe3 Rcc2 48. Rag1 Nd8 49. Be1 Nc6 50. Rxc2 Rxc2+ 51. Rg2 Rxg2+ 52. Kxg2 Nxb4 53. Qc3 a5 54. Kf3 Qb7 55. Bf2 Kg7 56. Bh4 Nc6 57. Ke3 Qb6 58. Kd3 Nb4+ 59. Kd2 Nc6 60. Qc5 Qb4+ 61. Qxb4 axb4 62. Kd3 Kf7 1/2-1/2